Welcome to CU Library Online Public Access Catalogue (OPAC)

Be compassionate / (Record no. 7008)

MARC details
000 -LEADER
fixed length control field 00725cam a2200217 a 4500
001 - CONTROL NUMBER
control field 2912663
005 - DATE AND TIME OF LATEST TRANSACTION
control field 20250716163026.0
008 - FIXED-LENGTH DATA ELEMENTS--GENERAL INFORMATION
fixed length control field 880125s1988 ilu 000 0 eng
020 ## - INTERNATIONAL STANDARD BOOK NUMBER
International Standard Book Number 0896935914
020 ## - INTERNATIONAL STANDARD BOOK NUMBER
International Standard Book Number 9780896935914
050 00 - LIBRARY OF CONGRESS CALL NUMBER
Classification number BS2595.2
Item number .W53 1988
082 00 - DEWEY DECIMAL CLASSIFICATION NUMBER
Classification number 226.4/06
Edition information 20
100 1# - MAIN ENTRY--PERSONAL NAME
Personal name Wiersbe, Warren W.
245 10 - TITLE STATEMENT
Title Be compassionate /
Statement of responsibility, etc. Warren W. Wiersbe.
260 ## - PUBLICATION, DISTRIBUTION, ETC.
Place of publication, distribution, etc. Wheaton, IL :
Name of publisher, distributor, etc. Victor Books,
Date of publication, distribution, etc. c1988.
300 ## - PHYSICAL DESCRIPTION
Extent 156 p. ;
Dimensions 21 cm.
440 #0 - SERIES STATEMENT/ADDED ENTRY--TITLE
Title Bible study
856 42 - ELECTRONIC LOCATION AND ACCESS
Materials specified Contributor biographical information
Uniform Resource Identifier <a href="http://www.loc.gov/catdir/enhancements/fy0909/88060197-b.html">http://www.loc.gov/catdir/enhancements/fy0909/88060197-b.html</a>
856 42 - ELECTRONIC LOCATION AND ACCESS
Materials specified Publisher description
Uniform Resource Identifier <a href="http://www.loc.gov/catdir/enhancements/fy0909/88060197-d.html">http://www.loc.gov/catdir/enhancements/fy0909/88060197-d.html</a>
942 ## - ADDED ENTRY ELEMENTS (KOHA)
Source of classification or shelving scheme Library of Congress Classification
Koha item type Books
Suppress in OPAC No
999 ## -
-- 7008
-- 7008
Holdings
Withdrawn status Lost status Source of classification or shelving scheme Damaged status Not for loan Collection Home library Current library Shelving location Date acquired Total checkouts Full call number Barcode Date last seen Copy number Price effective from Koha item type
    Library of Congress Classification     Non-fiction Business Library (Miotso) Business Library (Miotso) General stacks 03/04/2026   BS 2595.2 WIE BSSM00002422 03/04/2026 1 03/04/2026 Books
    Library of Congress Classification     Non-fiction Business Library (Miotso) Business Library (Miotso) General stacks 03/04/2026   BS 2595.2 WIE BSSM00002423 03/04/2026 2 03/04/2026 Books
    Library of Congress Classification     Non-fiction Undergraduate Library (Christ Temple) Undergraduate Library (Christ Temple) General stacks 07/16/2025   BS 2595.2 WIE ulct00003902 07/16/2025 1 07/16/2025 Books
© 2023-2024 Copyright: Central University Libraries. All Rights Reserved | Created by: Mahone Tech Office